[Event "Urumia op 2nd"]
[Site "Urumia"]
[Date "2008.08.27"]
[Round "3"]
[White "Sharbaf, Mohsen"]
[Black "Ebrahimi, Ghasem"]
[Result "1-0"]
[WhiteElo "2417"]
[BlackElo "2144"]
[PlyCount "71"]
[EventDate "2008.08.26"]
[EventType "swiss"]
[EventRounds "10"]
[EventCountry "IRI"]
[SourceTitle "CBM 126 Extra"]
[Source "ChessBase"]
[SourceDate "2008.11.05"]
[SourceVersion "1"]
[SourceVersionDate "2008.11.05"]
[SourceQuality "1"]

1. d4 d5 2. Nf3 Nf6 3. Nc3 Nc6 4. Bf4 Bf5 5. e3 e6 6. Bb5 Bd6 7. Ne5 Bxe5 8. dxe5 Ne4 9. Na4 g5 10. Bg3 h5 11. f3 Nxg3 12. hxg3 Qe7 13. c3 f6 14. Qd4 fxe5 15. Qxe5 Kf7 16. Bxc6 bxc6 17. g4 Bc2 18. b3 h4 19. e4 Bd3 20. Qd4 Bb5 21. Nc5 Rhd8 22. e5 a5 23. a4 Ba6 24. 0-0-0 Rdb8 25. Kc2 Ke8 26. g3 Be2 27. Rde1 Bxf3 28. Rhf1 Be4+ 29. Nxe4 dxe4 30. Qxe4 Qa3 31. Qxc6+ Kd8 32. Rd1+ Kc8 33. Qxe6+ Kb7 34. Qd5+ Ka7 35. Ra1 Qe7 36. Rf7 1-0